MDQL
is popping MORE tags! Check the
thread
!
Quizzes
Events
Quiz Creation
Community
Videos
Private Events
Remove Ads
Sign In
Join for FREE
Feedback
Dark Mode
Quiz Categories
Sports
Geography
Music
Movies
Television
Just For Fun
Miscellaneous
History
Literature
Language
Science
Gaming
Entertainment
Religion
Holiday
For Kids
Quiz Lab
Recent
Popular Today
Quiz Kudos Today
Editor Picks
Curator Picks
Quizzes by...
Day
Popularity
Type
Ratings
Length
Year
Community
Subscriptions
Recent Discussions
Orange Saloon
Badges
Playlists
Quests
Create
Leaderboards
Showdown
Live 5
Trivia Bingo
Activity
Puzzle Library
Sporcle Events
Private Events
Virtual Trivia
Globe League
Become a Host
Pub Owners
SporcleCon
Opinionation
Our Games
Videos
Blog
Mobile Apps
Partnerships
Remove Ads and Go Orange
Feedback
Geography
Country
Landmarks
City
State
Population
World
Capital
Continent
Flags
Europe
Africa
Asia
South America
North America
Oceania
Border
Canada
United Kingdom
Topography
United States
Geography
Country
Landmarks
City
State
Population
World
Capital
Continent
Flags
Europe
Africa
Asia
South America
North America
Oceania
Border
Canada
United Kingdom
Topography
United States
Random Quiz
Search Sporcle
×
Quiz Lab
Quiz Lab
Geography
Country
Type in answers that appear in a list
Type in answers that appear in a list
Classic
Best Score? Go Orange.
European Countries - Letter By Letter Stats
Can you name the European countries by the given letters??
By
horseyh123
10m
70 Questions
19 Plays
19 Plays
19 Plays
Comments
Comments
Give Quiz Kudos
Give Quiz Kudos
-
- Ratings
hide this ad
Replay
Link that replays current quiz
Next Quiz
Link to next quiz in quiz playlist
You Got
0%
They Got
Avg Score
85%
Avg Friend Score
Upgrade to see
Score Distribution
Jump to the score distribution portion of the page
Score
0/70
Timer
10:00
0
Plays Today
Letter
Country
% Correct
A
Albania
94.7%
L
Slovakia
94.7%
T
Latvia
94.7%
B
Albania
94.1%
B
Belarus
89.5%
C
Croatia
89.5%
D
Denmark
89.5%
E
Estonia
89.5%
F
Finland
89.5%
G
Germany
89.5%
H
Hungary
89.5%
I
Iceland
89.5%
K
Kosovo
89.5%
L
Latvia
89.5%
M
Macedonia
89.5%
N
Netherlands
89.5%
P
Poland
89.5%
R
Romania
89.5%
S
San Marino
89.5%
T
Turkey
89.5%
V
Vatican City
89.5%
Second Letter
89.5%
First Letter
89.5%
A
Latvia
89.5%
E
Belgium
89.5%
O
Bosnia and Herzegovina
89.5%
I
Liechtenstein
89.5%
N
Andorra
89.5%
R
France
89.5%
U
Austria
89.5%
Third Letter
89.5%
L
Malta
89.5%
N
San Marino
89.5%
E
Iceland
89.5%
R
Germany
89.5%
Letter
Country
% Correct
D
Andorra
89.5%
S
Bosnia and Herzegovina
89.5%
A
Spain
89.5%
Fourth Letter
89.5%
I
Spain
89.5%
L
Italy
89.5%
A
Poland
89.5%
E
Macedonia
89.5%
O
Andorra
89.5%
C
Liechtenstein
89.5%
T
Switzerland
89.5%
G
Belgium
89.5%
V
Slovakia
89.5%
K
Turkey
89.5%
S
Russia
89.5%
U
Ukraine
84.2%
K
Ukraine
84.2%
Y
Cyprus
84.2%
T
Italy
84.2%
W
Sweden
84.2%
P
Spain
84.2%
X
Luxembourg
84.2%
P
Cyprus
84.2%
D
Sweden
84.2%
R
Cyprus
84.2%
H
Netherlands
84.2%
C
Macedonia
78.9%
I
Switzerland
78.9%
M
San Marino
78.9%
W
Norway
78.9%
O
Slovakia
73.7%
M
Romania
73.7%
N
France
73.7%
B
Serbia
73.7%
Z
Czech Republic
68.4%
Quiz Playlist
Details
Report
Send in Message
Add To Playlist
Classic:
Type in answers that appear in a list
Last Updated: Feb 16, 2017
Quiz Scoreboard
CHALLENGE
Sign Up to Join the Scoreboard
Show All
Scores
Hide
Comments
May contain spoilers
Recently Published
Find the 'City' Movie
by crazypaving
Movies
60s
5x2 Blitz: Bands
by SL_Kpop136
Music
30s
Colored Red Africa Blitz
by spor1
Geography
30s
More to Explore
Quiz From the Vault
Featured Blog Post
14 Easter Pick-up Lines to Find Eggs With
hide this ad
You Might Also Like...
Tags
Country Quiz
Europe Quiz
Letter Quiz
Today's Top Quizzes in Geography
Browse Geography
hide this ad
Today's Top Quizzes in Country
Browse Country
Top Contributed Quizzes in Geography
1
Countries of the World - No Outlines Minefield
2
Colored Red Europe Blitz I
3
Colored Red Africa Blitz II
4
Colored Red Europe Blitz II
5
Colored Red Africa Blitz III
6
Colored Red Europe Blitz III
7
African Flag Reveal XLVI
8
Colored Red States Blitz I
9
Colored Red States Blitz II
10
Colored Red States Blitz III
Explore More
Trending Topics
Crossword
Anime
Marvel
Harry Potter
Kpop
Disney
NBA
Puzzle
Soccer
NFL
WWE
The Office
Song
Country
Pokémon
hide this ad
More By:
horseyh123
Quiz
Plays
Rating
Category
Featured
Created
Fill in the lyrics
1,375
3.80
Music
May 17, 2012
Morganville Vampires Characters
480
Miscellaneous
Jan 10, 2012
JLS Songs
468
1.00
Music
Jan 3, 2012
Bugsy Malone songs
444
3.67
Music
Jan 6, 2012
Name The Lyrics
412
3.00
Music
Oct 9, 2012
Go to Creator's Profile
Score Distribution
Quiz Creator Spotlight
horseyh123
Follow
Send a Message
Quizzes Created
-
Created Quiz Play Count
-
More By This Creator
Popular Quizzes Today
1
Colored Red Africa Blitz
2
Find the US States - No Outlines Minefield
3
Find the 'City' Movie
4
5x2 Blitz: Bands
5
The Countries of the World
6
Find the US States
7
US States
8
9x9 Crossword: Cartoon Network
More Geography Quizzes
Acrostic Moldova
Quiz Lab
Trending Quizzes
Colored Red Europe Blitz I
Colored Red Europe Blitz II
Colored Red Africa Blitz II
Colored Red Africa Blitz III
Colored Red Europe Blitz III
Recently Updated
Godzilla Movies
pecheneg
Grab Bag: 4-10 Letters
pecheneg
2024 March Madness Bracket
pecheneg
Famous TV Couples
Peacemaker
Champions League XIs: Real Madrid
pecheneg
Largest US Cities 1790-2010
pecheneg
Rides in Walt Disney World
pecheneg
Most Oscar Losses (Acting)
pecheneg
Beyoncé Albums
pecheneg
Leaping Animals
pecheneg
Trending Topics
Crossword
Kpop
Marvel
Harry Potter
Disney
NBA
Anime
NFL
Country
Song
Soccer
Pokémon
Puzzle
WWE
The Office
Your Account Isn't Verified!
In order to create a playlist on Sporcle, you need to verify the email address you used during registration. Go to your
Sporcle Settings
to finish the process.
Report this User
Report this user for behavior that violates our
Community Guidelines
.
Details:
Send Report
Go to the Sporcle.com Mobile Site →
Comments